000 00256nam a2200109Ia 4500
008 200302s9999 xx 000 0 und d
100 _aSub hash
245 _aTraffic Planning and Design
260 _bDhanpat Rai & Sons
260 _c1990
300 _a427 P.,
999 _c1229
_d1229